ბათუმის შოთა რუსთაველის სახელმწიფო უნივერსიტეტის ბიბლიოთეკა

Техника финансового анализа. (ბიბ.ჩანაწერი № 37105)

000 -LEADER
fixed length control field 00778nam a2200241Ia 4500
001 - CONTROL NUMBER
control field 3061
003 - CONTROL NUMBER IDENTIFIER
control field GE_BSU
008 - FIXED-LENGTH DATA ELEMENTS--GENERAL INFORMATION
fixed length control field 181216s||||||||xx |||||||||||||| ||und||
020 ## - INTERNATIONAL STANDARD BOOK NUMBER
International Standard Book Number 581770120
040 ## - CATALOGING SOURCE
Transcribing agency GE_BSU
080 ## - UNIVERSAL DECIMAL CLASSIFICATION NUMBER
Universal Decimal Classification number 336.1(075.8)
100 ## - MAIN ENTRY--PERSONAL NAME
Personal name Хелферт, Эрик
245 ## - TITLE STATEMENT
Title Техника финансового анализа.
245 ## - TITLE STATEMENT
Remainder of title Techniques of financial analysis.
245 ## - TITLE STATEMENT
Statement of responsibility, etc. Перевод с английского под редакцией Л.П. Белых.Гл. ред. издательство Н.Д. Эриашвили.
260 ## - PUBLICATION, DISTRIBUTION, ETC.
Place of publication, distribution, etc. Москва
260 ## - PUBLICATION, DISTRIBUTION, ETC.
Name of publisher, distributor, etc. ЮНИТИ
260 ## - PUBLICATION, DISTRIBUTION, ETC.
Date of publication, distribution, etc. 1996
300 ## - PHYSICAL DESCRIPTION
Extent 663 с. 20 см.
653 ## - INDEX TERM--UNCONTROLLED
Uncontrolled term Техника финансового анализа
942 ## - ADDED ENTRY ELEMENTS (KOHA)
Koha item type წიგნი
ეგზემპლარები
Withdrawn status Lost status Damaged status Not for loan Date acquired Barcode Date last seen Price effective from Koha item type Public note
        2018-12-17 7991 2018-12-17 2018-12-17 წიგნი დარბაზი
        2018-12-17 7992 2018-12-17 2018-12-17 წიგნი დარბაზი
        2018-12-17 8026 2018-12-17 2018-12-17 წიგნი დარბაზი